| 000 | 00829nam a22002297a 4500 | ||
|---|---|---|---|
| 003 | NALT | ||
| 005 | 20210722114232.0 | ||
| 008 | s2533 th tha d | ||
| 020 | _a9748566803 | ||
| 040 | _aNALT | ||
| 041 | _atha | ||
| 050 | _aQA76 ก425ว | ||
| 100 | 0 | _aกาญจนา กาญจนสุต | |
| 245 | 1 | 0 | _aวิทยาการคอมพิวเตอร์ |
| 246 | _aComputer science : a modern introduction | ||
| 260 | 3 |
_aกรุงเทพฯ : _bเอ.อาร์.อินฟอร์เมชั่น แอนด์ พับลิเคชั่น, _c2533 |
|
| 300 | _a427 หน้า | ||
| 650 | 0 | 4 | _aระบบปฏิบัติงาน(คอมพิวเตอร์) |
| 650 | 0 | 4 | _aคอมพิวเตอร์ |
| 850 | _aNALT | ||
| 942 |
_cGB _2lcc |
||
| 999 |
_c40760 _d40760 |
||
| 998 |
_j109 _k อารีรัตน์ วิชาช่าง |
||